000 00623cam a22002293a 4500
001 31004
003 PGUSA
005 20140828083654.0
008 100117s2010||||xxu|||||s|||||000 1 eng d
040 _aPGUSA
_beng
042 _adc
050 4 _aPR
100 1 _aWarren, Samuel,
_d1807-1877
245 1 0 _aTen Thousand a-Year. Volume 1.
_h[electronic resource] /
_cSamuel Warren
260 _bProject Gutenberg,
_c2010
506 _aPublic domain in the USA.
516 _aElectronic text
653 _aFiction
830 0 _aProject Gutenberg
_v31004
856 4 0 _uhttp://www.gutenberg.org/ebooks/31004
942 _cEB
999 _c260259
_d260259